[Event "Liberec op 13th"]
[Site "Liberec"]
[Date "2012.10.23"]
[Round "5"]
[White "Mraz, Pavel"]
[Black "Prachar, Josef"]
[Result "0-1"]
[WhiteElo "1773"]
[BlackElo "1942"]
[PlyCount "106"]
[EventDate "2012.10.20"]
[EventType "swiss"]
[EventRounds "9"]
[EventCountry "CZE"]
[SourceTitle "EXT 2013"]
[Source "ChessBase"]
[SourceDate "2012.11.22"]
[SourceVersion "1"]
[SourceVersionDate "2012.11.22"]
[SourceQuality "1"]

1. Nf3 Nf6 2. d4 e6 3. c4 d5 4. Bg5 Bb4+ 5. Nc3 h6 6. Bxf6 Qxf6 7. e3 0-0 8. a3 Bxc3+ 9. bxc3 c5 10. Be2 Nc6 11. 0-0 Rd8 12. Qc2 b6 13. cxd5 exd5 14. h3 c4 15. Rfe1 Bf5 16. Qb2 Rab8 17. Nd2 b5 18. Bf3 Qg6 19. Kf1 Bd3+ 20. Kg1 Be4 21. Nxe4 dxe4 22. Bd1 Qe6 23. Qe2 Ne7 24. Qd2 Nd5 25. f4 f5 26. Kh2 g5 27. g3 gxf4 28. gxf4 Kh8 29. Rg1 Rg8 30. Bh5 Qf6 31. Rab1 Rxg1 32. Rxg1 Rg8 33. Rxg8+ Kxg8 34. Be8 a6 35. a4 Kf8 36. Bh5 Qh4 37. Bd1 Nxc3 38. Bc2 Nd5 39. axb5 axb5 40. Kg2 Qh5 41. Bd1 Nxe3+ 42. Qxe3 Qxd1 43. Qa3+ Kf7 44. Qa7+ Kg6 45. Qa6+ Kh5 46. Qxb5 Qc2+ 47. Kg1 Qc1+ 48. Kf2 Qxf4+ 49. Ke2 Qf3+ 50. Kd2 c3+ 51. Kc2 Kg5 52. d5 Qg2+ 53. Kb3 Qb2+ 0-1

[Event "Liberec op 11th"]
[Site "Liberec"]
[Date "2010.10.28"]
[Round "6"]
[White "Gernert, Vilem"]
[Black "Mraz, Pavel"]
[Result "1/2-1/2"]
[WhiteElo "1839"]
[BlackElo "1737"]
[PlyCount "100"]
[EventDate "2010.10.23"]
[EventType "swiss"]
[EventRounds "9"]
[EventCountry "CZE"]
[SourceTitle "EXT 2011"]
[Source "ChessBase"]
[SourceDate "2010.11.26"]
[SourceVersion "1"]
[SourceVersionDate "2010.11.26"]
[SourceQuality "1"]

1. d4 d5 2. c4 e6 3. Nc3 Nf6 4. Bg5 Be7 5. e3 c6 6. Nf3 Nbd7 7. Qc2 h6 8. Bh4 0-0 9. Bd3 Re8 10. 0-0 dxc4 11. Bxc4 Nd5 12. Bxe7 Qxe7 13. a3 Qf6 14. Rad1 Nxc3 15. Qxc3 Nb6 16. Bb3 Nd5 17. Qc2 Ne7 18. Ba2 Qg6 19. Qxg6 Nxg6 20. Bb1 Ne7 21. Ne5 Rd8 22. Rc1 f6 23. Nd3 Kf7 24. Nc5 b6 25. Ne4 Bb7 26. Nc3 Rac8 27. Be4 Nd5 28. Nxd5 cxd5 29. Bd3 Rxc1 30. Rxc1 Rc8 31. Rxc8 Bxc8 32. Kf1 Ke7 33. Ke1 Kd6 34. Kd2 Kc6 35. Kc3 a5 36. b4 axb4+ 37. Kxb4 Kc7 38. Bb5 Bb7 39. Be8 Bc8 40. Kb5 Kb7 41. f3 Kc7 42. a4 Bb7 43. Bf7 Bc8 44. e4 dxe4 45. fxe4 Bd7+ 46. Kb4 Kd6 47. Bh5 f5 48. Bf3 fxe4 49. Bxe4 g5 50. Bf3 Be8 1/2-1/2

[Event "Liberec op 10th"]
[Site "Liberec"]
[Date "2009.10.26"]
[Round "3"]
[White "Zoubek, David"]
[Black "Mraz, Pavel"]
[Result "1-0"]
[WhiteElo "1625"]
[BlackElo "1785"]
[PlyCount "49"]
[EventDate "2009.10.24"]
[EventType "swiss"]
[EventRounds "9"]
[EventCountry "CZE"]
[SourceTitle "EXT 2010"]
[Source "ChessBase"]
[SourceDate "2010.11.25"]
[SourceVersion "1"]
[SourceVersionDate "2010.11.25"]
[SourceQuality "1"]

1. e4 c5 2. d4 cxd4 3. c3 dxc3 4. Nxc3 e6 5. Nf3 Nc6 6. Bc4 Be7 7. Bf4 a6 8. 0-0 Nf6 9. e5 Nh5 10. Bg3 0-0 11. Qe2 g6 12. Rad1 Qb6 13. Ne4 Nxg3 14. hxg3 Kg7 15. Nd6 Bxd6 16. exd6 Qc5 17. Bb3 Qh5 18. Qe3 a5 19. Nd4 Nxd4 20. Rxd4 h6 21. Rh4 Qg5 22. f4 Qb5 23. f5 exf5 24. Qxh6+ Kf6 25. Qxf8 1-0